000
00242 a2200097 4500
090
_c
4383
_d
4383
100
_a
Dr.P.P.Pandit
245
_a
Top Winning letters
260
_a
Goodwill Publishing House
_b
New Delhi
942
_a
NBS
_c
BK
_k
808.06651 PAN
999
_c
346828
_d
346828